Obálka Náhled e-knihy:
Epub
Pro půjčování e-knih musíte být přihlášeni.
Jak si půjčit online?

Věčná válka. I., Odpadlík /

Sci-fi military román anglické autorky představuje úvodní díl nové série.

Uloženo v:
Série:Věčná válka (Jamie Sawyer), část 1
Hlavní autor: Sawyer, Jamie, 1979- (Autor)
Další autoři: Slavík, Tomáš (Autor)
Médium: E-kniha
Jazyk:Czech
Vydáno: Ostrava : Fantom Print, 2022
Vydání:1. vydání
Témata:
Příbuzné jednotky:Z cyklu:: Věčná válka (Jamie Sawyer)
Tagy:
Žádné tagy
LEADER 02415nam a2200457 i 4500
001 311672
003 CZ PrSKC
005 20260601215709.0
007 ta
008 220920s2022 xr g 000 f cze
015 |a cnb003455837 
020 |a 9788075941176  |q (brožováno) 
035 |a (OCoLC)1354195471 
040 |a ABG001  |b cze  |e rda 
041 1 |a cze  |h eng 
072 7 |a 821.111-3  |x Anglická próza, anglicky psaná  |2 Konspekt 
080 |a 821.111-31  |2 MRF 
080 |a (0:82-311.9)  |2 MRF 
100 1 |a Sawyer, Jamie,  |d 1979-  |7 ola2017937687  |4 aut 
240 1 0 |a Pariah.  |l Česky 
245 1 0 |a Věčná válka.  |n I.,  |p Odpadlík /  |c Jamie Sawyer ; překlad Tomáš Slavík 
246 3 0 |a Odpadlík 
250 |a 1. vydání 
264 1 |a Ostrava :  |b Fantom Print,  |c 2022 
300 |a 318 stran ;  |c 21 cm 
336 |a text  |b txt  |2 rdacontent 
337 |a bez média  |b n  |2 rdamedia 
338 |a svazek  |b nc  |2 rdacarrier 
500 |a Přeloženo z angličtiny 
520 2 |a Sci-fi military román anglické autorky představuje úvodní díl nové série.  |b Poručík Keira Jenkinsová, duplikantí veteránka z legendární Lazarovy legie, dostala na povel tým nezkušených rekrutů, kteří touží okusit chuť boje. Až nečekaně brzy se jim to vyplní, když se teroristická organizace Černá spirála zmocní kontroly nad alianční vesmírnou stanicí a Dingové, jak si tým říká, jsou součástí záchranné operace. Tým Dingů je však vtažen do zpravodajských her a stane se tak příslovečným obětním beránkem, když celá akce vinou zatajovaných informací dopadne katastrofálně. Nakladatelská anotace. Kráceno. 
655 7 |a anglické romány  |7 fd131814  |2 czenas 
655 7 |a vědecko-fantastické romány  |7 fd133847  |2 czenas 
655 9 |a English fiction  |2 eczenas 
655 9 |a science fiction novels  |2 eczenas 
700 1 |a Slavík, Tomáš  |7 kv2017940318  |4 trl 
787 0 8 |i Z cyklu:  |t Věčná válka (Jamie Sawyer)  |g 1 
900 |a ABG001  |b 20 
044 |a xr 
910 |a RBIT002 
998 |d 360480  |a https://core.palmknihy.cz/api/books/360480/cover?rijwwn  |b https://core.palmknihy.cz/api/books/360480/cover/400?rijwwn  |c https://core.palmknihy.cz/api/books/360480/cover/50?rijwwn  |e 2027-01-14  |g 320  |i 9788075941176  |j https://core.palmknihy.cz/api/books/360480/preview.epub  |l   |q 49  |r 1  |s https://www.palmknihy.cz/kniha/360480  |t ebook  |y 2022  |z 0  |v Věčná válka  |w 1 
999 |d 311670